• 首页
  • 本馆介绍
  • 公告通知
  • 最新文献
  • 馆藏检索
  • 电子资源
  • 读者导购
  • 参考咨询
  • 我的图书馆
  • 登录
  • 详细信息显示
  • 放入我的书架
  • 预约/预借图书
  • 作者相关作品
  • 分类相关作品
  • 丛书相关作品
  • 出版社相关作品

书目信息

  • 表格格式
  • 工作单格式
  • 卡片格式
题名:
教育科学导论
    
 
作者: 米亚拉雷 , Mialaret 著 ;思穗 , 马兰 译
分册:  
出版信息: 北京   教育科学出版社  1991.9
页数: 127页
开本: 19cm
丛书名: 东西方教育丛书
单 册:
中图分类: G40
科图分类: 38.103
主题词: 教育科学
电子资源:
ISBN: 7-5041-0608-9
000 01215nam2 2200325 45
001 1569715364
005 20150130192224.46
010    @a7-5041-0608-9@dCNY2.00
100    @a19920318d1991 kemy0chiy0121 ea
101 1  @achi@cfre
102    @aCN@b110000
105    @ay z 000yy
200 10 @a教育科学导论@AJIAO YU KE XUE DAO LUN@f(法)米亚拉雷(Mialaret,G.)等著@F( FA ) MI YA LA LEI (Mialaret,G.) DENG ZHU@g思 穗,马 兰译
210    @a北京@c教育科学出版社@d1991.9
215    @a127页@d19cm
225 2  @a东西方教育丛书
300    @a英文题名:Introduction to the educational sciences
330    @a本书就人类关心的教育问题,教育科学的理论研究和实际运用,教育科学的基本定义、概念、原理,教育的决定性因素,教师的素质和师资培训,学生的学习成效以及教育的未来发展等问题作了精辟的论述。
410  0 @120010@a东西方教育丛书
510 1  @aIntroduction to the educational sciences@zeng
540 1  @a教育 科学 导论@AJIAO YU KE XUE DAO LUN
606    @a教育科学
690    @aG40@v三版
692    @a38.103
701  1 @a米亚拉雷@AMI YA LA LEI@b加斯顿@4著
701 A1 @aMialaret@bGaston@4著
702  0 @a思穗@ASI SUI@4译
702  0 @a马兰@AMA LAN@4译
801  0 @aCN@bTSSF@c20150130
905    @aZUCC@dG40@eJY118
    
    教育科学导论/(法)米亚拉雷(Mialaret,G.)等著/思 穗,马 兰译.-北京:教育科学出版社,1991.9
    127页;19cm.-(东西方教育丛书)
    英文题名:Introduction to the educational sciences
    
    ISBN 7-5041-0608-9:CNY2.00
    本书就人类关心的教育问题,教育科学的理论研究和实际运用,教育科学的基本定义、概念、原理,教育的决定性因素,教师的素质和师资培训,学生的学习成效以及教育的未来发展等问题作了精辟的论述。
●
相关链接 在E读中查询图书 在五车中查询图书 在当当中查询图书 在豆瓣中查询图书


正题名:教育科学导论     索取号:G40/JY118         预约/预借

序号 登录号 条形码 馆藏地/架位号 状态 备注
1 7859267   278592676   学院路分馆/ [索取号:G40/JY118] 在馆    
唐山师范学院图书馆 欢迎您!
大连网信软件有限公司© 版权所有